000 00292nam a2200121Ia 4500
003 OSt
005 20230824043008.0
008 170523s9999 xx 000 0 und d
040 _cIIMT UNIVERSITY
100 _aRAO- P SUBBA
245 0 _aINTERNATIONAL BUSINESS :TEXT & CASES
942 _2ddc
_c02
999 _c10041
_d10041